书目信息 |
| 书名: | Present continuous | |
| 作者: | edited by Istvan Bart | |
| 分册号: | ||
| 分册名: | 出版地: | Gyomaendrod : |
|
| 出版社: | Kner Printing House | |
| 出版时间: | 1985. | |
| 页数: | 400 p. : | |
| 开本: | 19m. | |
| 丛书名: | ||
| 中图分类号: | ||
| 科图分类号: | ||
| 其他分类号: | I515.45 | |
| 主题词: | ||
| 电子资源: | ||
| 000 | 00955nam 2200313 a 4500 | |
| 001 | E0737051671 | |
| 004 | 001277712 | |
| 005 | 20070210102545.21 | |
| 008 | 100 0 eng | |
| 008 | 4001uueng0000000 | |
| 008 | 1985 eng | |
| 010 | @a2005922821 | |
| 020 | @a3211254684 (soft cover : alk. paper). | |
| 040 | @aDLC @cDLC @dCcBjTSG | |
| 042 | @apcc | |
| 050 | 00 | @aN6494.M78 @bP74 c2005 |
| 090 | @aI515.45 | |
| 099 | @dI515.45@ex2 | |
| 245 | 02 | @aPresent continuous / @cedited by Istvan Bart |
| 246 | 3 | @aPresent continuous pasts |
| 260 | @aGyomaendrod :@bKner Printing House,@c1985. | |
| 300 | @a400 p. :@bill. ;@c19m. | |
| 490 | 1 | @aSchriftenreihe |
| 500 | @aIncludes papers presented at | |
| 504 | @aIncludes bibliographical references (p. 212-220). | |
| 650 | 0 | @aMultimedia (Art) @vCongresses. |
| 650 | 0 | @aArt publicity @vCongresses. |
| 700 | @aBart Istvan | |
| 852 | 91 | @bTCJC @cJ12S @k2-2006 @hJ110.95-532 @iP933 |
| Present continuous / / edited by Istvan Bart.-Gyomaendrod : : Kner Printing House, , 1985. |
| 400 p. : : ill. ; ; 19m.- (Schriftenreihe) |
| Includes papers presented at.-Includes bibliographical references (p. 212-220). |
| ISBN 3211254684 (soft cover : alk. paper). |
| ● |
| 相关链接 |
|
|
|
|
正题名:esent continuous
索取号:I515.45/x2
 
预约/预借
| 序号 | 登录号 | 条形码 | 馆藏地/架位号 | 状态 | 备注 |
| 1 | 183062 | 000432847 | 第二样本阅览室/ [索取号:I515.45/x2] | 在馆 | |
| 2 | 183063 | 000432829 | 第四借阅区/ [索取号:I515.45/x2] | 在馆 | |
| 3 | 183064 | 000432776 | 第四借阅区/ [索取号:I515.45/x2] | 在馆 | |
| 4 | 183065 | 000432838 | 第四借阅区/ [索取号:I515.45/x2] | 在馆 | |
| 5 | 183066 | 000432785 | 第四借阅区/ [索取号:I515.45/x2] | 在馆 |